ARRUPE JESUIT UNIVERSITY

CORONAVIRUS -STOP THE SPREAD - CLEAN,DISINFECT,COVER

Formal theory of scattering phenomena: (Record no. 121700)

MARC details
000 -LEADER
fixed length control field 01097nam a22003011 4500
001 - CONTROL NUMBER
control field 1571332
003 - CONTROL NUMBER IDENTIFIER
control field ARRUPE
005 - DATE AND TIME OF LATEST TRANSACTION
control field 20150123141931.0
008 - FIXED-LENGTH DATA ELEMENTS--GENERAL INFORMATION
fixed length control field 830830s1960 be a b 000 0 eng c
010 ## - LIBRARY OF CONGRESS CONTROL NUMBER
LC control number 62043508 /L/r83
035 ## - SYSTEM CONTROL NUMBER
System control number (OCoLC)ocm00351106
040 ## - CATALOGING SOURCE
Original cataloging agency DLC/ICU
Transcribing agency CGU
050 0# - LIBRARY OF CONGRESS CALL NUMBER
Classification number QC794
Item number .G73
082 0# - DEWEY DECIMAL CLASSIFICATION NUMBER
Classification number 539.7
300 ## - PHYSICAL DESCRIPTION
Other physical details illus.
Dimensions 23 cm.
100 1# - MAIN ENTRY--PERSONAL NAME
Personal name Grosjean, Carl C.
Fuller form of name (Carl Clement),
Dates associated with a name 1926-
9 (RLIN) 14042
245 10 - TITLE STATEMENT
Title Formal theory of scattering phenomena:
Remainder of title a study of recent achievements in modern scattering theory.
260 ## - PUBLICATION, DISTRIBUTION, ETC. (IMPRINT)
Place of publication, distribution, etc Bruxelles
Date of publication, distribution, etc [1960]
300 ## - PHYSICAL DESCRIPTION
Extent 279 p.
490 1# - SERIES STATEMENT
Series statement Institut interuniversitaire des sciences nucléaires. Monographie
Volume number/sequential designation no 7
500 ## - GENERAL NOTE
General note "Based upon notes taken during seminars organized by Dr. S.B. Treiman, professor at the University of Princeton."
504 ## - BIBLIOGRAPHY, ETC. NOTE
Bibliography, etc Includes bibliography.
650 #0 - SUBJECT ADDED ENTRY--TOPICAL TERM
Topical term or geographic name as entry element Scattering (Physics)
9 (RLIN) 14043
650 #0 - SUBJECT ADDED ENTRY--TOPICAL TERM
Topical term or geographic name as entry element Quantum theory.
9 (RLIN) 14044
830 #0 - SERIES ADDED ENTRY--UNIFORM TITLE
Uniform title Monographie (Institut interuniversitaire des sciences nucléaires) ;
Volume number/sequential designation no 7.
9 (RLIN) 14045
942 ## - ADDED ENTRY ELEMENTS (KOHA)
Source of classification or shelving scheme Library of Congress Classification
Koha item type Monograph ( Printed materials)
Holdings
Withdrawn status Lost status Source of classification or shelving scheme Damaged status Not for loan Collection code Home library Current library Shelving location Date acquired Total Checkouts Full call number Barcode Date last seen Price effective from Koha item type
    Library of Congress Classification     Main Collection ARRUPE LIBRARY ARRUPE LIBRARY Main Collection 15/01/2015   QC794 .G73 46500003248 02/07/2019 15/01/2015 Monograph ( Printed materials)

 

Arrupe Library. PO Box MP320 Mt Pleasant, Harare, Zimbabwe
263 242 745411|librarian@aju.ac.zw